|
|
|
|
| LEADER |
02342nam a22004935i 4500 |
| 001 |
978-3-319-17831-8 |
| 003 |
DE-He213 |
| 005 |
20151106161008.0 |
| 007 |
cr nn 008mamaa |
| 008 |
150401s2015 gw | s |||| 0|eng d |
| 020 |
|
|
|a 9783319178318
|9 978-3-319-17831-8
|
| 024 |
7 |
|
|a 10.1007/978-3-319-17831-8
|2 doi
|
| 040 |
|
|
|d GrThAP
|
| 050 |
|
4 |
|a QB600-701
|
| 072 |
|
7 |
|a PGS
|2 bicssc
|
| 072 |
|
7 |
|a SCI031000
|2 bisacsh
|
| 082 |
0 |
4 |
|a 523.4
|2 23
|
| 100 |
1 |
|
|a Anfilogov, Vsevolod N.
|e author.
|
| 245 |
1 |
0 |
|a Some Aspects of the Formation of the Solar System
|h [electronic resource] /
|c by Vsevolod N. Anfilogov, Yurij V. Khachay.
|
| 264 |
|
1 |
|a Cham :
|b Springer International Publishing :
|b Imprint: Springer,
|c 2015.
|
| 300 |
|
|
|a VIII, 75 p. 15 illus., 3 illus. in color.
|b online resource.
|
| 336 |
|
|
|a text
|b txt
|2 rdacontent
|
| 337 |
|
|
|a computer
|b c
|2 rdamedia
|
| 338 |
|
|
|a online resource
|b cr
|2 rdacarrier
|
| 347 |
|
|
|a text file
|b PDF
|2 rda
|
| 490 |
1 |
|
|a SpringerBriefs in Earth Sciences,
|x 2191-5369
|
| 505 |
0 |
|
|a Introduction -- The Solar System -- The Model of the Earth's Heterogeneous Accumulation -- Formation of the Earth's Core -- Formation of the Earth's Silicate Mantle -- Formation of the Earth's Proto-Crust -- About the origin of the Moon's Matter -- Conclusions -- Appendix.
|
| 520 |
|
|
|a This book is devoted to the problems that occur when attempting to understand and construct a concise representation of the original conditions, composition and dynamics of the evolution of the Earth-Moon system in the form in which it is seen today. This volume will perhaps contribute to a better understanding of what is necessary to research the dynamics of the Solar system.
|
| 650 |
|
0 |
|a Earth sciences.
|
| 650 |
|
0 |
|a Planetology.
|
| 650 |
|
0 |
|a Astronomy.
|
| 650 |
|
0 |
|a Astrophysics.
|
| 650 |
|
0 |
|a Cosmology.
|
| 650 |
1 |
4 |
|a Earth Sciences.
|
| 650 |
2 |
4 |
|a Planetology.
|
| 650 |
2 |
4 |
|a Astronomy, Astrophysics and Cosmology.
|
| 700 |
1 |
|
|a Khachay, Yurij V.
|e author.
|
| 710 |
2 |
|
|a SpringerLink (Online service)
|
| 773 |
0 |
|
|t Springer eBooks
|
| 776 |
0 |
8 |
|i Printed edition:
|z 9783319178301
|
| 830 |
|
0 |
|a SpringerBriefs in Earth Sciences,
|x 2191-5369
|
| 856 |
4 |
0 |
|u http://dx.doi.org/10.1007/978-3-319-17831-8
|z Full Text via HEAL-Link
|
| 912 |
|
|
|a ZDB-2-EES
|
| 950 |
|
|
|a Earth and Environmental Science (Springer-11646)
|